000
00276nam a2200109Ia 4500
008
200302s9999 xx 000 0 und d
100
_a
Claudia Hildner
245
_a
Future Living collective housing in Japan
260
_b
Birkhauser Verlag Gmbh
260
_c
2014
300
_a
159
999
_c
6196
_d
6196